How to write irresistible query letters

Bibliographic Details
Main Author: Cool, Lisa Collier
Format: Book
Published: Ohio : Writer's Digest Books , 1987
Subjects:

MARC

LEADER 00000cam a2200000 7i4500
001 0000003146
002 000003402
005 20000330.0
020 |a 0898793912 
090 0 0 |a 808.02   |b COO 
100 1 |a Cool, Lisa Collier 
245 1 0 |a How to write irresistible query letters   |c Lisa Collier Cool 
260 |a Ohio :   |b Writer's Digest Books ,   |c 1987 
300 |a 136p. ;   |c 22cm. 
650 0 0 |a Questions and answers 
999 |a 036736   |b BUKU   |c PINJAMAN   |e PERPUSTAKAAN KOMUNITI PETALING JAYA